000
00312nam a22001337a 4500
003
SGT
082
_a
615.53
_b
R11B
100
_a
BABU, RAMESH
245
_a
RASA CHANDANSU
260
_a
DELHI
_b
KENDRIYA AYURVEDA EVAM SIDH ANUSANDHAN PARISADH
_c
2011
300
_a
402+XVII
650
_a
AYURVEDA
942
_2
ddc
_c
BK
_0
1
999
_c
8665
_d
8665